| 000 | 01156nac a22003251u 4500 | ||
|---|---|---|---|
| 999 |
_c509 _d509 |
||
| 003 | EG-ScBUE | ||
| 005 | 20200129143224.0 | ||
| 008 | 100906t2003 maua f 000 0 eng d | ||
| 020 | _a0763719765 | ||
| 020 | _a9780763719760 | ||
| 040 |
_aEG-ScBUE _beng _erda _cEG-ScBUE _dEG-ScBUE |
||
| 082 | 0 | 4 |
_a005.133 _bROB _222 |
| 100 | 1 |
_aRobergé, Jim, _eauthor. _918231 |
|
| 245 | 1 | 2 |
_aA laboratory course in C++ data structures / _cJames Robergé, Illinois Institute of Technology, Stefan Brandle, Taylor University, David Whittington, Taylor University. |
| 250 | _aSecond edition. | ||
| 264 | 1 |
_aBoston : _bJones and Bartlett Publishers, _c[2003] |
|
| 264 | 1 | _cc 2003 | |
| 300 |
_axvii, 411 pages : _billustrations ; _c28 cm |
||
| 336 |
_2rdacontent _atext _btxt |
||
| 337 |
_2rdamedia _aunmediated _bn |
||
| 338 |
_2rdacarrier _avolume _bnc |
||
| 500 | _aIncludes appendices. | ||
| 650 | 7 |
_aC++ (Computer program language) _2BUEsh _918232 |
|
| 651 | _2BUEsh | ||
| 653 |
_bGGEN _cJanuary2020 |
||
| 655 | _vReading book | ||
| 700 | 1 |
_aBrandle, Stefan, _eauthor. _918233 |
|
| 700 | 1 |
_aWhittington, David, _eauthor. _918234 |
|
| 942 |
_cBB _k005.133 ROB _2ddc |
||